LEADER 00994nam0-22003491i-450- 001 990001435490403321 005 20140612110545.0 010 $a0-07-065496-4 035 $a000143549 035 $aFED01000143549 035 $a(Aleph)000143549FED01 035 $a000143549 100 $a20001205d1994----km-y0itay50------ba 101 0 $aeng 102 $aUS 105 $aa---j-------- 200 1 $aFundamentals of computing$fAllen B. Tucker ... [et al.] 205 $aPascal ed. rev. 210 $aNew York$cMcGraw-Hill$dİ1994 215 $axxii, 497 p.$cill.$d25 cm 225 1 $aMcGraw-Hill Computer Science Series 327 0 $a1.: Logic, problem solving, programs, and computers 610 0 $aSistemi software 676 $a005 702 1$aTucker,$bAllen B. 801 0$aIT$bUNINA$gRICA$2UNIMARC 901 $aBK 912 $a990001435490403321 952 $a005-TUC-1-1$b3 (presidenza)$fSC1 959 $aSC1 996 $aFundamentals of computing$9375084 997 $aUNINA LEADER 00963cam0-2200325---450- 001 990005064980403321 005 20100326110349.0 010 $a0-691-05182-8 035 $a000506498 035 $aFED01000506498 035 $a(Aleph)000506498FED01 035 $a000506498 100 $a19990604d1970----km-y0itay50------ba 101 0 $aeng 102 $aUS 105 $ay-------001yy 200 1 $aHermogenes and the Renaissance$eseven ideas of style$fAnnabel M. Patterson 210 $aPrinceton, New Jersey$cPrinceton University Press$d1970 215 $aXV, 240 p.$d22 cm 610 0 $aLetteratura$aEuropa$aRinascimento 610 0 $aRetorica$aRinascimento 676 $a809.031 700 1$aPatterson,$bAnnabel M.$0132011 801 0$aIT$bUNINA$gRICA$2UNIMARC 901 $aBK 912 $a990005064980403321 952 $a809.031 PAT 1$bFil.Mod. 19755$fFLFBC 959 $aFLFBC 996 $aHermogenes and the Renaissance$9532180 997 $aUNINA